00273nam a2200109Ia 4500008004100000100002000041245001900061250001200080260005000092300000800142650001300150190216s9999||||xx |||||||||||||| ||und|| aPramod Koparkar 0aPascal For You a1st Ed. bTata Mcgraw Hill Publishing Company Ltdc1994 a262 aComputer